Statistics for Name The Cities Of The Netherlands In Dutch

Click here to take the quiz!

General Stats

  • This quiz has been taken 7 times
  • The average score is 39 of 128

Answer Stats

Answer% Correct
Amsterdam
100%
Breda
100%
Den Haag
100%
Groningen
100%
Haarlem
100%
Maastricht
100%
Nijmegen
100%
Rotterdam
100%
's-Hertogenbosch
100%
Utrecht
100%
Almere
83%
Arnhem
83%
Dordrecht
83%
Eindhoven
83%
Middelburg
83%
Tilburg
83%
Venlo
83%
Alkmaar
67%
Almelo
67%
Amersfoort
67%
Assen
67%
Bergen op Zoom
67%
Delft
67%
Den Helder
67%
Enschede
67%
Hengelo
67%
Kerkrade
67%
Leeuwarden
67%
Leiden
67%
Lelystad
67%
Roermond
67%
Sneek
67%
Vlissingen
67%
Zwolle
67%
Apeldoorn
50%
Deventer
50%
Gouda
50%
Harlingen
50%
Hilversum
50%
Hoorn
50%
Rosendaal
50%
Sittard
50%
Zaandam
50%
Zeist
50%
Amstelveen
33%
Bolsward
33%
Delfzijl
33%
Dokkum
33%
Edam
33%
Hoogeveen
33%
Kampen
33%
Purmerend
33%
Terneuzen
33%
Weert
33%
Culemborg
17%
Franeker
17%
Hellevoetsluis
17%
Hindeloopen
17%
Hulst
17%
Ijlst
17%
Nijkerk
17%
Oisterwijk
17%
Oldenzaal
17%
Ommen
17%
Oosterhout
17%
Rhenen
17%
Sloten
17%
Sluis
17%
Stavoren
17%
Tiel
17%
Veere
17%
Vlaardingen
17%
Winschoten
17%
Workum
17%
Aardenburg
0%
Appingedam
0%
Arnemuiden
0%
Blokzijl
0%
Bredevoort
0%
Brielle
0%
Coevorden
0%
Doesburg
0%
Doetichem
0%
Echt
0%
Geertruidenberg
0%
Gendt
0%
Genemuiden
0%
Goedereede
0%
Grave
0%
Groenlo
0%
Hagestein
0%
Hasselt
0%
Hattem
0%
Heerleen
0%
Helmond
0%
Heukelum
0%
Heusden
0%
Huissen
0%
Ijzendijke
0%
Kessel
0%
Klundert
0%
Leerdam
0%
Lochem
0%
Megen
0%
Monnickendam
0%
Montfoort
0%
Muiden
0%
Naarden
0%
Nieuwpoort
0%
Nieuwstadt
0%
Oostburg
0%
Oudewater
0%
Schagen
0%
's-Gravenzande
0%
Staverden
0%
Steenwijk
0%
Susteren
0%
Vianen
0%
VollenHove
0%
Vreeland
0%
Weesp
0%
Willemstad
0%
Wintersdijk
0%
Woerden
0%
Woudrichem
0%
Zevenaar
0%
Zierikzee
0%
Zupthen
0%

Score Distribution

Percentile by Number Answered

Percent of People with Each Score

Your Score History

You have not taken this quiz